[Event "GER-ch U25 op"]
[Site "Willingen"]
[Date "2009.06.06"]
[Round "9"]
[White "Sasse, Fabius"]
[Black "Bangert, Benjamin"]
[Result "1-0"]
[WhiteElo "1579"]
[BlackElo "1330"]
[PlyCount "129"]
[EventDate "2009.05.30"]
[EventType "swiss"]
[EventRounds "9"]
[EventCountry "GER"]
[SourceTitle "EXT 2010"]
[Source "ChessBase"]
[SourceDate "2010.11.25"]
[SourceVersion "1"]
[SourceVersionDate "2010.11.25"]
[SourceQuality "1"]

1. e4 e6 2. d4 d5 3. e5 c5 4. c3 Nc6 5. Nf3 Qb6 6. a3 Nge7 7. b4 cxd4 8. cxd4 Nf5 9. Bb2 Be7 10. Be2 0-0 11. 0-0 Bd7 12. Qd3 Rfb8 13. Nbd2 a6 14. Nb3 Na7 15. Bd1 Bb5 16. Qb1 Bxf1 17. Kxf1 Qd8 18. Bc2 Qc8 19. g4 Nh4 20. Bxh7+ Kh8 21. Nxh4 Bxh4 22. Bd3 Qd8 23. f4 Nc6 24. Qd1 g5 25. f5 Qe7 26. f6 Qf8 27. Nc5 a5 28. b5 Na7 29. Nd7 Qe8 30. Nxb8 Rxb8 31. a4 b6 32. Ra3 Rc8 33. Bb1 Qf8 34. Rh3 Qb4 35. Ba3 Qc4+ 36. Qd3 Qxd3+ 37. Bxd3 Rc3 38. Bb2 Rc8 39. Ke2 Kg8 40. Ba3 Rb8 41. Kd2 Rc8 42. Be2 Rc7 43. Bb2 Nc8 44. Rc3 Rxc3 45. Bxc3 Bf2 46. Bd3 Na7 47. Bb1 Bg1 48. h3 Bh2 49. Kd3 Bg3 50. Bd2 Bh4 51. Ke2 Nc8 52. Be1 Bxe1 53. Kxe1 Na7 54. Kf2 Nc8 55. Kg3 Na7 56. h4 gxh4+ 57. Kxh4 Nc8 58. Kh5 Na7 59. Kh6 Nc8 60. Bh7+ Kf8 61. g5 Na7 62. Bd3 Nc8 63. g6 fxg6 64. Kxg6 Na7 65. f7 1-0

[Event "GER-ch U25 op"]
[Site "Willingen"]
[Date "2009.06.01"]
[Round "3"]
[White "Fernschild, Daniel"]
[Black "Sasse, Fabius"]
[Result "1/2-1/2"]
[WhiteElo "1877"]
[BlackElo "1579"]
[PlyCount "42"]
[EventDate "2009.05.30"]
[EventType "swiss"]
[EventRounds "9"]
[EventCountry "GER"]
[SourceTitle "EXT 2010"]
[Source "ChessBase"]
[SourceDate "2010.11.25"]
[SourceVersion "1"]
[SourceVersionDate "2010.11.25"]
[SourceQuality "1"]

1. d4 d5 2. Nf3 Nf6 3. e3 e6 4. Bd3 c5 5. c3 Nbd7 6. Nbd2 Be7 7. 0-0 0-0 8. Qe2 Qc7 9. e4 cxd4 10. e5 dxc3 11. exf6 Bxf6 12. bxc3 Bxc3 13. Ba3 Bxa1 14. Bxf8 Bc3 15. Ba3 Ne5 16. Nxe5 Qxe5 17. Qxe5 Bxe5 18. f4 Bd4+ 19. Kh1 Bd7 20. Nf3 Be3 21. Bc1 Bb6 1/2-1/2

[Event "GER-ch U10"]
[Site "Willingen"]
[Date "2006.06.07"]
[Round "8"]
[White "Sasse, Fabius"]
[Black "Scheel, Henrik"]
[Result "0-1"]
[WhiteElo "1337"]
[BlackElo "1173"]
[PlyCount "134"]
[EventDate "2006.06.04"]
[EventType "swiss"]
[EventRounds "11"]
[EventCountry "GER"]
[SourceTitle "EXT 2007"]
[Source "ChessBase"]
[SourceDate "2006.11.23"]
[SourceVersion "1"]
[SourceVersionDate "2006.11.23"]
[SourceQuality "1"]

1. d4 d5 2. c4 dxc4 3. e3 Nf6 4. Bxc4 e6 5. Nf3 Bb4+ 6. Bd2 Bxd2+ 7. Nbxd2 Nc6 8. 0-0 0-0 9. Qc2 Bd7 10. Rac1 Rc8 11. Qb3 Na5 12. Qa3 Nxc4 13. Rxc4 Bb5 14. Qxa7 Bxc4 15. Nxc4 Qd5 16. b3 Ra8 17. Qc5 Qxc5 18. dxc5 Rxa2 19. b4 Ra4 20. Nfd2 Rxb4 21. Ra1 Rb5 22. Ra7 h6 23. c6 bxc6 24. Rxc7 Rd8 25. h3 Rbd5 26. Nb3 Rf5 27. Nd4 Rc5 28. Nb6 Rb8 29. Nxc6 Rxb6 30. Ne7+ Kf8 31. Rxc5 Kxe7 32. Rc7+ Nd7 33. Rc8 Rb8 34. Rc1 Kf6 35. Kf1 Ne5 36. Ke2 Rb2+ 37. Kf1 Rxf2+ 38. Kxf2 Nd3+ 39. Ke2 Nxc1+ 40. Kd2 Nb3+ 41. Kd3 Kg5 42. Kc3 Nc5 43. Kd4 Nb7 44. Ke4 f6 45. Kf3 f5 46. g3 Kf6 47. Kf4 g5+ 48. Kf3 h5 49. Kf2 e5 50. Kf3 Nc5 51. h4 g4+ 52. Kf2 Ne6 53. Kg2 f4 54. Kf2 f3 55. Ke1 e4 56. Kf2 Nc5 57. Kf1 Ke5 58. Kf2 Kd5 59. Kf1 Kc4 60. Ke1 Kd3 61. Kf2 Ne6 62. Kg1 Kxe3 63. Kh1 Kd4 64. Kh2 e3 65. Kh1 f2 66. Kh2 f1R 67. Kg2 Rf8 0-1

[Event "GER-ch U10"]
[Site "Willingen"]
[Date "2006.06.05"]
[Round "5"]
[White "Spiegelberg, Silvia"]
[Black "Sasse, Fabius"]
[Result "0-1"]
[WhiteElo "1046"]
[BlackElo "1337"]
[PlyCount "46"]
[EventDate "2006.06.04"]
[EventType "swiss"]
[EventRounds "11"]
[EventCountry "GER"]
[SourceTitle "EXT 2007"]
[Source "ChessBase"]
[SourceDate "2006.11.23"]
[SourceVersion "1"]
[SourceVersionDate "2006.11.23"]
[SourceQuality "1"]

1. e4 e5 2. Nf3 Nc6 3. d4 exd4 4. Nxd4 Bc5 5. Be3 Qf6 6. Nb5 Bxe3 7. fxe3 Qh4+ 8. g3 Qd8 9. Bc4 a6 10. Qd5 Nh6 11. Nd4 0-0 12. Nc3 Nb4 13. Qc5 a5 14. 0-0-0 d6 15. Qb5 c6 16. Qa4 b5 17. Ncxb5 cxb5 18. Qxb5 Ba6 19. Qa4 Bxc4 20. Nc6 Nxc6 21. Qxc6 Bxa2 22. b3 Bxb3 23. cxb3 Rc8 0-1